Mr Electric Blue - Benson Boone - lyrics - Statistics

General Stats
  • This quiz has been taken 25 times
  • The average score is 175 of 227
Answer Stats
Answer % Correct
I
100%
a
94%
A
94%
Blue
94%
Electric
94%
electric
94%
in
94%
Mr
94%
Mr.
94%
cool?
88%
dance
88%
did
88%
He
88%
get
88%
good
88%
good,
88%
got
88%
He
88%
he
88%
How
88%
it,
88%
it
88%
like
88%
oh,
88%
say
88%
so
88%
space
88%
that
88%
the
88%
times
88%
When
88%
you
88%
You
88%
an
81%
and
81%
And
81%
be
81%
believe
81%
from
81%
From
81%
place
81%
They
81%
walked
81%
was
81%
You've
81%
you've
81%
can
75%
fell
75%
for
75%
know
75%
let
75%
roll
75%
stranger
75%
to
75%
wanna
75%
want
75%
your
75%
ah,
69%
at
69%
danger
69%
looking
69%
love
69%
me
69%
Ooh,
69%
Or
69%
roses
69%
some
69%
soul
69%
supernatural
69%
dreamed
63%
ever
63%
fall
63%
fire
63%
made
63%
make
63%
said,
63%
way
63%
attitude
56%
everything
56%
he's
56%
He's
56%
If
56%
keep
56%
man
56%
stares
56%
talk
56%
teeth"
56%
"Watch
56%
With
56%
American
50%
But
50%
but
50%
down
50%
front
50%
hard-working
50%
Heaven
50%
he'll
50%
him
50%
knows
50%
man's
50%
on
50%
put
50%
two
50%
bite
44%
dirt
44%
enough
44%
sweet
44%
fight,
38%
outta
38%
tongue
38%
you'd
38%
ain't
31%
chain
31%
guy
31%
No matching quizzes found
Score Distribution
Percent of People with Each Score
Percentile by Number Answered
Your Score History
You have not taken this quiz